Guía de la industria química y petroquímica /

Guardado en:
Autor Corporativo: Cámara de la Industria Química y Petroquímica.
Formato: Libro
Idioma:Spanish
Publicado: Buenos Aires : La Cámara, 1987.
Edición:5a. ed.
Materias:
Etiquetas: Agregar Etiqueta
Sin Etiquetas, Sea el primero en etiquetar este registro!
LEADER 00692nam a22001815a 4500
001 EIQ.libpla003870
008 080403s1987####ag#######r####001#0#spa#d
005 20080403161333.0
245 1 0 |a Guía de la industria química y petroquímica /  |c Cámara de la Industria Química y Petroquímica. 
250 |a 5a. ed. 
260 |a Buenos Aires :  |b La Cámara,  |c 1987. 
300 |a 416 p. ;  |c 25 cm. 
500 |a Incluye índice. 
650 4 |a Industria petroquímica  |x Directorios. 
650 4 |a Petroleum chemicals industry  |x Directories. 
040 |a AR-BbSID  |b spa  |c AR-BbSID 
110 2 |a Cámara de la Industria Química y Petroquímica. 
859 |a AR-BbSID  |b BIB. PLAPIQUI  |h 661.804 06  |i C 14  |k R  |p 3245  |v 1987  |3 1987